000 00496nam a2200157Ia 4500
003 GCL
005 20240530102641.0
008 140319s9999 xx 000 0 ara d
040 _aGCL /
_cGCL
082 0 4 _a415.2
_bع ش
100 _4على القارى
245 1 0 _aشرح الشفا للقاضى عياض /
_bعلى القارى
260 _a[بيروت] :
_bدار الكتب العلمية للنشر والتوزيع ،
_cد . ت
300 _aمتعدد ،
_b24 سم
942 _2ddc
_cBK
999 _c33724
_d33724